000 00702nam a22001817a 4500
003 OSt
005 20250902142427.0
008 240820b ||||| |||| 00| 0 eng d
040 _c0
082 _aDPer 364.05 J826 Summer-Fall 2019 v. 109 n. 3-4
100 _a Klingele, Cecelia.
_eauthor.
_958538
245 _aMeasuring change :
_bFrom rates of recidivism to markers of desistance /
_cCecelia Klingele.
260 _aEvanston ;
_bNorthwestern University Press ,
_cFall 2019.
300 _aVolume 109, pages 769-818 ;
_c26 cm.
500 _aThe Journal of Criminal Law and Criminology, vol. 109, no. 4, pages 769-818, Fall 2019.
700 _aKlingele, Cecelia.
_eauthor.
_958539
942 _2ddc
_cPER
999 _c20723
_d20723